=LDR 00000nam 2200000 4500 =001 INLIS000000000014444 =005 20130612105725 =008 ***********************************Ind** =035 ##$$0010-061300000014444 =041 ##$$a Ind =082 ##$$a 613.5 =090 ##$$a 613.5, Buk =245 ##$$a Buku kuliah ilmu kesehatan anak 1, Editor Rusepno Hassan, Husein Alatas =260 ##$$a 2005 $b Jakarta =300 ##$$a x, 515 hlm, Il, 23 cm =650 ##$$a Ilmu kesehatan =700 ##$$a Husein Alatas =850 ##$$a NBPNMAT